000 01886nam a2200433 a 4500
001 ebr10476877
003 CaPaEBR
006 m u
007 cr cn|||||||||
008 060807s2006 nyu sb 001 0deng d
010 _z 2006025958
020 _z9780875864945 (trade paper : alk. paper)
020 _z9780875864952 (hard cover : alk. paper)
020 _z9780875864969 (ebook)
020 _z9780875865300
020 _z9780875865324 (e-book)
040 _aCaPaEBR
_cCaPaEBR
035 _a(OCoLC)122258086
043 _an-us---
_ae-ur---
050 1 4 _aK3240
_b.A92 2006eb
082 0 4 _a341.4/8
_222
100 1 _aAvakov, Aleksandr V.
_q(Aleksandr Vladimirovich),
_d1954-
245 1 0 _aPlato's dreams realized
_h[electronic resource] :
_bsurveillance and citizen rights from KGB to FBI /
_cAlexander V. Avakov.
260 _aNew York :
_bAlgora Pub.,
_c2006.
300 _axii, 246 p.
504 _aIncludes bibliographical references (p. 207-236) and index.
505 0 _aThe subjective : US intelligence greets a Soviet dissident -- The objective : is there, objectively speaking, a problem of rights vs. national security state in America? -- Philosophy of rights.
533 _aElectronic reproduction.
_bPalo Alto, Calif. :
_cebrary,
_d2013.
_nAvailable via World Wide Web.
_nAccess may be limited to ebrary affiliated libraries.
600 1 0 _aAvakov, Aleksandr V.
_q(Aleksandr Vladimirovich),
_d1954-
650 0 _aHuman rights.
650 0 _aFreedom of expression.
650 0 _aInternal security.
650 0 _aCivil rights
_zSoviet Union.
650 0 _aCivil rights
_zUnited States.
650 0 _aDissenters
_zSoviet Union
_vBiography.
655 7 _aElectronic books.
_2local
710 2 _aebrary, Inc.
856 4 0 _uhttp://site.ebrary.com/lib/rucke/Doc?id=10476877
_zAn electronic book accessible through the World Wide Web; click to view
999 _c116678
_d116678